[Event "Challenge"]
[Site "http://www.queenalice.com/game.php?id=448192"]
[Date "2008.8.13"]
[Round "-"]
[White "sercegovic"]
[Black "paddymalonespub"]
[Result "1-0"]
[WhiteElo "1650"]
[BlackElo "1703"]

1. d4 d5 2. e3 Nf6 3. Nf3 Nc6 4. Bb5 a6 5. Bxc6+ bxc6 6. O-O Bg4 7. Nbd2 e6 8.
c3 Bd6 9. Qa4 Bxf3 10. Qxc6+ Nd7 11. Nxf3 O-O 12. e4 e5 13. Qxd5 exd4 14. Bg5
Nf6 15. Bxf6 Qxf6 16. cxd4 Qe6 17. Qxe6 fxe6 18. Rfc1 e5 19. dxe5 1-0

[Event "Challenge"]
[Site "http://www.queenalice.com/game.php?id=450782"]
[Date "2008.8.19"]
[Round "-"]
[White "gotinha"]
[Black "sercegovic"]
[Result "0-1"]
[WhiteElo "1684"]
[BlackElo "1687"]

1. e4 e5 2. Bc4 Nf6 3. Nf3 d6 4. c3 Nxe4 5. d3 Nf6 6. Ng5 d5 7. Bb5+ c6 8. Ba4
b5 9. Bb3 Be7 10. c4 dxc4 11. dxc4 Qxd1+ 12. Kxd1 Be6 13. Nxe6 fxe6 14. cxb5
cxb5 15. Bxe6 Nc6 16. Bg5 Ne4 17. Bxe7 Nxf2+ 18. Ke1 Nxh1 19. Bd5 Rc8 20. Bd6
Kd7 21. Bxc6+ Rxc6 22. Bxe5 Re6 23. Nc3 Rxe5+ 24. Ne2 Rf8 25. Rd1+ Ke7 26. Kd2
Rf2 27. Re1 Rxg2 28. Rxh1 Rgxe2+ 29. Kc1 Re1+ 30. Rxe1 Rxe1+ 31. Kd2 Rh1 32. Kc3
Rxh2 33. a3 g5 34. Kb4 Rxb2+ 35. Ka5 g4 36. a4 g3 37. axb5 g2 38. Ka6 g1=Q 39.
b6 Qxb6# 0-1

[Event "Challenge"]
[Site "http://www.queenalice.com/game.php?id=455733"]
[Date "2008.8.30"]
[Round "-"]
[White "linluciano"]
[Black "sercegovic"]
[Result "0-1"]
[WhiteElo "1679"]
[BlackElo "1743"]

1. e4 e5 2. d4 d6 3. Nf3 Bg4 4. Be2 Bxf3 5. Bxf3 Be7 6. O-O Nf6 7. Nc3 O-O 8.
Nd5 Re8 9. b3 Nbd7 10. Bb2 Rc8 11. c4 c6 12. Nxf6+ Bxf6 13. Bg4 Rc7 14. Rc1 Bg5
15. Rc3 Nf6 16. Bf3 exd4 17. Qxd4 Nxe4 18. Bxe4 Bf6 19. Qd3 Bxc3 20. Qxc3 Qg5
21. f4 Qh6 22. Re1 Rce7 23. Qd3 f5 24. Be5 fxe4 25. Qxd6 Qxd6 26. Bxd6 Rd7 27.
Be5 Rd2 28. a4 a5 29. Rxe4 Rd3 30. Rd4 Rxd4 31. Bxd4 Re4 32. Be5 Re3 33. g4 Rxb3
34. Kg2 Ra3 35. h4 Rxa4 36. h5 Ra3 37. f5 Rb3 38. g5 a4 0-1

[Event "AUTO-INT-1029"]
[Site "http://www.queenalice.com/game.php?id=459988"]
[Date "2008.9.7"]
[Round "1"]
[White "JAYMAC10"]
[Black "sercegovic"]
[Result "1-0"]
[WhiteElo "1684"]
[BlackElo "1741"]

1. e4 e5 2. Nf3 d6 3. c3 Bg4 4. h3 Bxf3 5. Qxf3 Nf6 6. Bd3 c6 7. O-O d5 8. exd5
cxd5 9. Bb5+ Nc6 10. Bxc6+ bxc6 11. d3 Be7 12. Nd2 O-O 13. Re1 Bd6 14. b3 Qa5
15. c4 Ba3 16. cxd5 Bxc1 17. Nc4 Qxe1+ 18. Kh2 Bf4+ 19. g3 Bxg3+ 20. Qxg3 Qxa1
21. dxc6 Rfe8 22. Nd6 Re6 23. Nf5 g6 24. Qg2 Qc1 25. c7 Qc6 26. Ne7+ Rxe7 27.
Qxc6 Rc8 28. Qxf6 Rcxc7 29. Qd6 Rcd7 30. Qc5 e4 31. dxe4 Rxe4 32. Qc8+ Kg7 33.
Qxd7 a6 34. a4 h5 35. Qd3 Re6 36. b4 Kh7 37. f4 f5 38. Qd7+ 1-0

[Event "AUTO-INT-1029"]
[Site "http://www.queenalice.com/game.php?id=459989"]
[Date "2008.9.7"]
[Round "1"]
[White "sercegovic"]
[Black "JAYMAC10"]
[Result "1-0"]
[WhiteElo "1718"]
[BlackElo "1702"]

1. d4 d5 2. e3 Nf6 3. Nf3 Bg4 4. Be2 h5 5. h3 Bf5 6. c4 Bxb1 7. Rxb1 c6 8. c5
Qa5+ 9. b4 Qxa2 10. Rb2 Qa1 11. Qc2 Ne4 12. Nd2 Nxd2 13. Kxd2 Na6 14. Qb3 b5 15.
Ra2 Qxa2+ 16. Qxa2 Nxb4 17. Qb3 Na6 18. Qa3 Nc7 19. Qa5 Ne6 20. Qa6 Nd8 21. Bxb5
Rh6 22. Ba4 g5 23. Ba3 Rf6 24. Ke2 Bg7 25. Bb4 e5 26. dxe5 Re6 27. Bc3 Kf8 28.
Rd1 Kg8 29. Qd3 Nb7 30. Bc2 Rg6 31. e6 Rxe6 32. Qh7+ Kf8 33. Qxg7+ Ke7 34. Qxg5+
Kd7 35. Bf5 Nd8 36. Qxh5 Rb8 37. Ba5 Rb2+ 38. Rd2 Rb3 39. Bxe6+ Nxe6 40. Qxf7+
1-0

[Event "AUTO-INT-1029"]
[Site "http://www.queenalice.com/game.php?id=460000"]
[Date "2008.9.7"]
[Round "1"]
[White "shimella"]
[Black "sercegovic"]
[Result "0-1"]
[WhiteElo "1305"]
[BlackElo "1686"]

1. e4 e5 2. Nf3 d6 3. d4 Be7 4. d5 Nf6 5. Bd3 Nbd7 6. Bg5 Nc5 7. Bb5+ Bd7 8. c4
Bxb5 9. cxb5 Ncxe4 10. Bxf6 Bxf6 11. O-O Nc5 12. b6 e4 13. Nd4 axb6 14. Nf5 Bxb2
15. Nd2 Bxa1 16. Qxa1 Qg5 17. Rd1 Qxf5 18. Nc4 Nd3 19. Qxg7 Qxf2+ 20. Kh1 O-O-O
21. Qg4+ f5 22. Qh3 Rhg8 23. g4 Qe2 24. Rxd3 exd3 25. gxf5 Qe1+ 26. Qf1 Qxf1#
0-1

[Event "AUTO-INT-1029"]
[Site "http://www.queenalice.com/game.php?id=460001"]
[Date "2008.9.7"]
[Round "1"]
[White "sercegovic"]
[Black "shimella"]
[Result "1-0"]
[WhiteElo "1685"]
[BlackElo "1312"]

1. d4 d5 2. e3 e6 3. Nc3 Nc6 4. Bb5 a6 5. Bxc6+ bxc6 6. e4 c5 7. Nf3 Bb7 8. e5
cxd4 9. Qxd4 g5 10. Bxg5 Qd7 11. O-O h6 12. Bf6 Nxf6 13. exf6 O-O-O 14. Ne5 Qe8
15. b4 c5 16. bxc5 h5 17. Rab1 Bh6 18. Qb4 d4 19. Qxb7# 1-0

[Event "Challenge"]
[Site "http://www.queenalice.com/game.php?id=463634"]
[Date "2008.9.15"]
[Round "-"]
[White "sercegovic"]
[Black "ozzyx1409"]
[Result "0-1"]
[WhiteElo "1711"]
[BlackElo "1500"]

1. d4 d5 2. e3 e6 3. Nf3 Bd6 4. Nc3 Bd7 5. e4 dxe4 6. Nxe4 Qe7 7. Bd3 Na6 8. O-O
Nh6 9. Bxh6 gxh6 10. Qe2 Nb4 11. Ne5 Bxe5 12. dxe5 Nd5 13. c4 Nf4 14. Qe3 Qh4
15. Nf6+ Kd8 16. Qd4 Ne2+ 17. Bxe2 Qxd4 18. Nxd7 Ke7 19. Rad1 Qe4 20. Bf3 Qxc4
21. Bxb7 Rad8 22. Nf6 Qb5 23. Be4 Qxe5 24. Bd5 Qxf6 0-1

[Event "Revenge!"]
[Site "http://www.queenalice.com/game.php?id=466702"]
[Date "2008.9.22"]
[Round "-"]
[White "sercegovic"]
[Black "ozzyx1409"]
[Result "1-0"]
[WhiteElo "1741"]
[BlackElo "1370"]

1. d4 d5 2. e3 e6 3. Nf3 Bd6 4. Nc3 Bd7 5. a3 Na6 6. Bxa6 bxa6 7. Qd3 Nf6 8.
Qxa6 Ne4 9. Bd2 Qf6 10. Qb7 Ke7 11. Nxe4 Qg6 12. Nxd6 cxd6 13. Bb4 Qxg2 14. Ne5
Qxh1+ 15. Ke2 Rhd8 16. Rxh1 Rab8 17. Qc7 Rxb4 18. Nc6+ Ke8 19. Qxd8# 1-0

[Event "AUTO-INT-1062"]
[Site "http://www.queenalice.com/game.php?id=474113"]
[Date "2008.10.7"]
[Round "1"]
[White "Jajer"]
[Black "sercegovic"]
[Result "0-1"]
[WhiteElo "1547"]
[BlackElo "1732"]

1. e4 e5 2. Nf3 d6 3. Bc4 Nf6 4. O-O Nxe4 5. d3 Nf6 6. Bg5 Be7 7. Nc3 O-O 8.
Bxf6 Bxf6 9. Nd5 c6 10. Ne3 d5 11. Bb3 e4 12. Ne1 Bxb2 13. Rb1 Be5 14. Ng4 Qd6
15. dxe4 Bxg4 16. Nf3 Bxh2+ 17. Kh1 Qh6 18. Qd2 Bf4+ 19. Kg1 Bxd2 20. Nxd2 Qxd2
21. f3 Be6 22. exd5 Bxd5 23. Bxd5 Qxd5 24. Rbd1 Qxa2 25. Rd2 Na6 26. Rff2 Rfe8
27. c3 Qa1+ 28. Kh2 Qxc3 29. Rb2 Re1 30. Rbc2 Qe5+ 31. f4 Qh5+ 32. Kg3 f5 33.
Rf3 Rh1 34. Kf2 Re8 35. Rb2 Ree1 36. Rxb7 Qh4+ 37. Rg3 Rhf1# 0-1

[Event "AUTO-INT-1062"]
[Site "http://www.queenalice.com/game.php?id=474114"]
[Date "2008.10.7"]
[Round "1"]
[White "sercegovic"]
[Black "Jajer"]
[Result "1-0"]
[WhiteElo "1714"]
[BlackElo "1540"]

1. d4 b6 2. c4 Bb7 3. d5 d6 4. e4 Nd7 5. Nc3 Nc5 6. b4 Na6 7. Rb1 Qd7 8. c5 dxc5
9. Bb5 c6 10. dxc6 Bxc6 11. Qxd7+ Bxd7 12. Bxa6 Nf6 13. bxc5 bxc5 14. Bb7 Rb8
15. Bf4 Rd8 16. Bc7 g6 17. Bxd8 Kxd8 18. Rd1 Bg7 19. Bc6 e5 20. Nf3 Kc7 21. Bxd7
Nxd7 22. O-O Re8 23. Nb5+ Kb6 24. Rxd7 Kxb5 25. Rxf7 Bh6 26. a4+ Kxa4 27. Rb7
Re6 28. Ra1# 1-0

[Event "AUTO-INT-1062"]
[Site "http://www.queenalice.com/game.php?id=474127"]
[Date "2008.10.7"]
[Round "1"]
[White "carlitomontana93270"]
[Black "sercegovic"]
[Result "0-1"]
[WhiteElo "1549"]
[BlackElo "1723"]

1. e4 e5 2. Nf3 d6 3. Nc3 Bg4 4. Be2 Bxf3 5. Bxf3 Nf6 6. d4 Nbd7 7. d5 Be7 8.
O-O O-O 9. Bg5 a6 10. a3 b5 11. b4 Nb6 12. Qd3 Qd7 13. Rad1 Nc4 14. Ra1 Rfb8 15.
Rfe1 Nxd5 16. Bxe7 Nxe7 17. Qxc4 bxc4 18. Rad1 c6 19. h3 a5 20. Bg4 Qc7 21. Kh1
axb4 22. axb4 Ra3 23. Ne2 Rxb4 24. Ra1 Rba4 25. Rab1 g6 26. Bf3 Qa7 0-1

[Event "AUTO-INT-1062"]
[Site "http://www.queenalice.com/game.php?id=474128"]
[Date "2008.10.7"]
[Round "1"]
[White "sercegovic"]
[Black "carlitomontana93270"]
[Result "1-0"]
[WhiteElo "1703"]
[BlackElo "1566"]

1. d4 d5 2. e3 Nf6 3. Nf3 Nc6 4. b3 Bg4 5. Be2 Qd6 6. Ba3 Qd7 7. Nc3 a6 8. O-O
b5 9. Ne5 Nxe5 10. dxe5 Bxe2 11. Qxe2 Ne4 12. Nxe4 dxe4 13. Rfd1 Qc8 14. c4 bxc4
15. Qxc4 e6 16. Qc6+ 1-0

[Event "AUTO-INT-1062"]
[Site "http://www.queenalice.com/game.php?id=474135"]
[Date "2008.10.7"]
[Round "1"]
[White "reibas"]
[Black "sercegovic"]
[Result "0-1"]
[WhiteElo "1730"]
[BlackElo "1756"]

1. e4 e5 2. Nf3 d6 3. Bc4 Nf6 4. Nc3 c6 5. Ng5 d5 6. exd5 cxd5 7. Bb5+ Nc6 8. d3
Be7 9. d4 Ng4 10. Qf3 Bxg5 11. Nxd5 O-O 12. Bxc6 bxc6 13. Bxg5 Qxg5 14. Ne3 exd4
15. O-O-O dxe3 16. fxe3 Nxe3 17. Rd2 Nc4 18. Qc3 Rd8 19. Rd1 Bg4 20. Qxc4 Bxd1
21. Qc3 Qxd2+ 22. Qxd2 Rxd2 23. Kxd2 Rd8+ 24. Kc3 f5 25. b4 f4 26. a4 g5 27. b5
cxb5 28. axb5 g4 29. Kb4 f3 0-1

[Event "AUTO-INT-1062"]
[Site "http://www.queenalice.com/game.php?id=474136"]
[Date "2008.10.7"]
[Round "1"]
[White "sercegovic"]
[Black "reibas"]
[Result "1-0"]
[WhiteElo "1771"]
[BlackElo "1687"]

1. d4 d5 2. e3 Nf6 3. Nf3 Bf5 4. b4 e6 5. c3 Be7 6. Nbd2 O-O 7. Be2 Ne4 8. Bb2
Bh4 9. Nxe4 Bxe4 10. O-O Bxf3 11. Bxf3 f5 12. c4 Qg5 13. cxd5 f4 14. exf4 Qxf4
15. Qb3 Kh8 16. dxe6 Nc6 17. Bxc6 bxc6 18. g3 Qg4 19. Qc3 Rf3 20. Qxc6 Raf8 21.
Rae1 Be7 22. a3 R8f5 23. Qe8+ Bf8 24. e7 h5 25. Qc8 Qg6 26. e8=Q Qxe8 27. Rxe8
h4 28. Re5 g6 29. Rxf5 gxf5 30. Qxf8+ 1-0

[Event "AUTO-INT-1062"]
[Site "http://www.queenalice.com/game.php?id=564952"]
[Date "2009.4.1"]
[Round "2"]
[White "Eunice_123"]
[Black "sercegovic"]
[Result "1-0"]
[WhiteElo "1989"]
[BlackElo "1830"]

1. e4 e5 2. Nf3 d6 3. Bc4 Bg4 4. Nc3 Nf6 5. d3 Be7 6. h3 Bxf3 7. Qxf3 O-O 8. Be3
c5 9. O-O a6 10. a4 Nc6 11. Qg3 h6 12. Bxh6 Nh5 13. Qg4 Kh7 14. Qxh5 gxh6 15.
Bxf7 Bg5 16. h4 Qe7 17. Bg6+ Kg8 18. hxg5 hxg5 19. Nd5 1-0

[Event "AUTO-INT-1062"]
[Site "http://www.queenalice.com/game.php?id=564953"]
[Date "2009.4.1"]
[Round "2"]
[White "sercegovic"]
[Black "Eunice_123"]
[Result "1/2-1/2"]
[WhiteElo "1820"]
[BlackElo "1939"]

1. d4 d5 2. e3 Nf6 3. Be2 Bf5 4. Nd2 e6 5. c3 Nbd7 6. Ngf3 c6 7. b4 Bd6 8. a4
O-O 9. Ba3 Qc7 10. c4 dxc4 11. Nxc4 Nd5 12. Nxd6 Qxd6 13. b5 c5 14. Ne5 Nb4 15.
Bxb4 cxb4 16. Nxd7 Qxd7 17. Bd3 Bxd3 18. Qxd3 Rac8 19. Qb3 Qd6 20. O-O Rc3 21.
Qb2 Rfc8 22. Rfc1 f6 23. Rxc3 Rxc3 24. g3 a5 25. bxa6 bxa6 26. a5 Ra3 27. Rxa3
bxa3 28. Qb3 Kf7 29. f4 Kg6 30. h4 h5 31. Kf2 Kh6 32. Ke2 Qd5 33. Qxa3 Qg2+ 34.
Kd3 Qxg3 35. Qd6 Qh3 36. Kd2 Qxh4 37. Qxa6 Qf2+ 38. Qe2 Qg1 39. a6 h4 40. Qe1
Qg2+ 41. Kd3 h3 42. a7 h2 43. Qh4+ Kg6 44. Qxh2 Qxh2 45. a8=Q Qh3 46. Qe8+ Kf5
47. Qb5+ Kg6 48. Qe8+ Kh7 49. Qe7 Qf5+ 50. e4 Qxf4 51. Qxe6 Qf1+ 52. Kc3 Qa1+
53. Kd3 Qa3+ 54. Kc2 Qa4+ 55. Kc3 Qa5+ 56. Kd3 Qa3+ 57. Kc2 Qa4+ 58. Kc3 Qa1+
59. Kd3 Qa3+ 1/2-1/2